<?xml version="1.0" encoding="UTF-8"?>
<collection xmlns="http://www.loc.gov/MARC21/slim">
 <record>
  <leader>01092cam a2200253 7i4500</leader>
  <controlfield tag="001">0000054256</controlfield>
  <controlfield tag="005">20080121090000.0</controlfield>
  <controlfield tag="008">080102s2007                            eng  </controlfield>
  <datafield tag="020" ind1="#" ind2="#">
   <subfield code="a">9781402058233 </subfield>
  </datafield>
  <datafield tag="020" ind1="#" ind2="#">
   <subfield code="a">1402058233 </subfield>
  </datafield>
  <datafield tag="090" ind1="0" ind2="0">
   <subfield code="a">QH 96.5 </subfield>
   <subfield code="b">.L6 2007</subfield>
  </datafield>
  <datafield tag="245" ind1="0" ind2="0">
   <subfield code="a">Long-term limnological research and monitoring at Crater Lake, Oregon : </subfield>
   <subfield code="b">a benchmark study of a deep and exceptionally clear montane caldera lake  </subfield>
   <subfield code="c">edited by G.L. Larson, R. Collier, and M.W. Buktenica.</subfield>
  </datafield>
  <datafield tag="260" ind1="#" ind2="#">
   <subfield code="a">Dordrecht: </subfield>
   <subfield code="b">Springer, </subfield>
   <subfield code="c">2007.</subfield>
  </datafield>
  <datafield tag="300" ind1="#" ind2="#">
   <subfield code="a">280 p.: </subfield>
   <subfield code="b">ill., maps; </subfield>
   <subfield code="c">27 cm..</subfield>
  </datafield>
  <datafield tag="490" ind1="0" ind2="0">
   <subfield code="a">Developments in hydrobiology; </subfield>
   <subfield code="v">191</subfield>
  </datafield>
  <datafield tag="504" ind1="0" ind2="0">
   <subfield code="a">Includes bibliographical references</subfield>
  </datafield>
  <datafield tag="650" ind1="0" ind2="0">
   <subfield code="a">Freshwater biology -- </subfield>
   <subfield code="z">Oregon -- </subfield>
   <subfield code="z">Crater Lake </subfield>
  </datafield>
  <datafield tag="650" ind1="0" ind2="0">
   <subfield code="a">Limnology -- </subfield>
   <subfield code="z">Oregon -- </subfield>
   <subfield code="z">Crater Lake </subfield>
  </datafield>
  <datafield tag="650" ind1="0" ind2="0">
   <subfield code="a">Water quality -- </subfield>
   <subfield code="x">Monitoring -- </subfield>
   <subfield code="z">Oregon -- </subfield>
   <subfield code="z">Crater Lake </subfield>
  </datafield>
  <datafield tag="651" ind1="0" ind2="0">
   <subfield code="a">Crater Lake (Or.) -- </subfield>
   <subfield code="x">Environmental conditions -- </subfield>
   <subfield code="x">Monitoring </subfield>
  </datafield>
  <datafield tag="700" ind1="1" ind2="1">
   <subfield code="a">Collier, Robert W. </subfield>
  </datafield>
  <datafield tag="700" ind1="1" ind2="1">
   <subfield code="a">Larson, Gary L. </subfield>
  </datafield>
  <datafield tag="700" ind1="1" ind2="1">
   <subfield code="a">Buktenica, M. W. </subfield>
  </datafield>
  <datafield tag="999" ind1=" " ind2=" ">
   <subfield code="a">1100049685</subfield>
   <subfield code="b">Book</subfield>
   <subfield code="c">Open Shelf</subfield>
   <subfield code="e">KOLEKSI TERBUKA</subfield>
  </datafield>
 </record>
</collection>
